<?xml version="1.0" encoding="UTF-8"?>
<marc:record xmlns:marc="http://www.loc.gov/MARC21/slim">
   <marc:leader>00000nam a2200000 a 4500</marc:leader>
   <marc:datafield ind1="1" ind2=" " tag="100">
      <marc:subfield code="a">Seifert, Katja</marc:subfield>
      <marc:subfield code="4">oth</marc:subfield>
      <marc:subfield code="e">Sonstiges</marc:subfield>
   </marc:datafield>
   <marc:datafield ind1="1" ind2=" " tag="100">
      <marc:subfield code="a">Raubaum, Lena</marc:subfield>
      <marc:subfield code="4">oth</marc:subfield>
      <marc:subfield code="e">Sonstiges</marc:subfield>
   </marc:datafield>
   <marc:datafield ind1="0" ind2="0" tag="245">
      <marc:subfield code="a">Ich hab da was für dich</marc:subfield>
   </marc:datafield>
   <marc:datafield ind1="0" ind2="0" tag="245">
      <marc:subfield code="b">Wortgeschenke und Gedankenstupser</marc:subfield>
   </marc:datafield>
   <marc:datafield ind1=" " ind2="1" tag="264">
      <marc:subfield code="a">Innsbruck ; Wien</marc:subfield>
      <marc:subfield code="b">Tyrolia-Verlag</marc:subfield>
      <marc:subfield code="c">2024</marc:subfield>
   </marc:datafield>
   <marc:datafield ind1="1" ind2=" " tag="520">
      <marc:subfield code="a">Quelle: bn.bibliotheksnachrichten (http://www.biblio.at/literatur/bn/index.html); &#xD;
Autor: Laura Pellizzari; &#xD;
Ein Wortgeschenk für dich und mich Sprachspielerisch in den Alltag eintauchen.&#xD;
»Doch der Tag, der wollte Ein guter für mich sein So danke ich ihm still Und schlafe schnurrend ein«, so die zweite Strophe des Gedichts »Behutsam«, das sich in diesem Band an dritter Stelle findet. Eine Dankbarkeitshymne an einen guten Tag  und allgemeiner: ans Leben. Es folgen 96 Seiten mit Gedichten von Lena Raubaum und liebenswürdigen Zeichnungen von Katja Seifert. Ihnen allen gemein ist die große Lebensfreude, die sich auf jeder Seite findet.&#xD;
Themenvielfalt&#xD;
Erzählt wird unter anderem vom geliebten Stofftier »Schnurrli«, das wohl nach längerer Zeit auf dem Dachboden wiederentdeckt wird  und sofort Erinnerungen weckt:&#xD;
»Die Oma meiner Mama hat schon mit ihr gekuschelt und hat  anstatt zu schlafen  sehr oft mit ihr getuschelt. (S.72)« Die Langeweile macht sich in diesem Buch auf die Suche nach neuen Spielgefährt*innen, ein Zebra verliebt sich in einen Zebrastreifen und die kreativsten Grußformeln werden ausprobiert: Unser Favorit ist natürlich »Bye-bye Bücherei!« (S. 41) In Erinnerung bleibt auch das Gedicht »Sorgsam «, das vor allem ängstlichen Kindern ein Trost sein könnte:&#xD;
»Sicher könnt ich mir Sorgen machen Sorgen über mein ganzes Leben Nur wäre das halt zirka so Wie auf heile Haut Pflaster zu kleben« (S. 14)&#xD;
Lyrik für die ganze Familie&#xD;
Wie man es von Lena Raubaum bereits kennt, wurden auch hier alle Themen in wunderschöne Wörter gekleidet. Erzählt wird mit viel Witz und mit vielen bunten Wortspielereien. Alle Gedichte laden zum Laut-Vorlesen ein und sind damit ein Spaß für die ganze Familie. Zwar werden die Texte aus einer kindlichen Perspektive erzählt, genau deswegen wird dieser Band wohl aber auch den zugehörigen Erwachsenen gefallen, die hier alltägliche Situationen aus dem Leben mit Kindern wiedererkennen werden: So verwandeln sich zum Beispiel Papas Schuhe in Boote. Manche Gedichte sind auch politisch  wie auch das Gedicht »Laute Hoffnung«, das ein Appell an den Frieden ist und eine Erinnerung daran, dass der Erhalt von Frieden als aktive Handlung gedacht werden muss.</marc:subfield>
   </marc:datafield>
   <marc:datafield ind1=" " ind2=" " tag="020">
      <marc:subfield code="a">9783702242305</marc:subfield>
      <marc:subfield code="9">9783702242305</marc:subfield>
   </marc:datafield>
   <marc:datafield ind1=" " ind2=" " tag="020">
      <marc:subfield code="a">3702242309</marc:subfield>
      <marc:subfield code="9">3702242309</marc:subfield>
   </marc:datafield>
   <marc:datafield ind1=" " ind2=" " tag="041">
      <marc:subfield code="a">ger</marc:subfield>
   </marc:datafield>
   <marc:datafield ind1=" " ind2=" " tag="300">
      <marc:subfield code="b">Illustrationen</marc:subfield>
   </marc:datafield>
   <marc:datafield ind1=" " ind2=" " tag="338">
      <marc:subfield code="a">Band</marc:subfield>
   </marc:datafield>
   <marc:datafield ind1=" " ind2=" " tag="300">
      <marc:subfield code="a">90 Seiten</marc:subfield>
   </marc:datafield>
</marc:record>
